Manual de contabilidad y auditoría con ordenador (Record no. 171701)

MARC details
000 -LEADER
campo de control de longitud fija 00817nam a22001935i 4500
001 - NÚMERO DE CONTROL
campo de control 171701
003 - IDENTIFICADOR DE NÚMERO DE CONTROL
campo de control ES-MaACL
005 - FECHA Y HORA DE LA ÚLTIMA TRANSACCIÓN
campo de control 20230906214713.0
008 - DATOS DE LONGITUD FIJA--INFORMACIÓN GENERAL
campo de control de longitud fija 090526s1979 sp |||| | spa d
080 ## - NÚMERO DE LA CLASIFICACIÓN DECIMAL UNIVERSAL
Número de la Clasificación Decimal Universal 657:681.31.01
100 1# - ENTRADA PRINCIPAL--NOMBRE DE PERSONA
Nombre de persona Soler Amaro, Ramón.
9 (RLIN) 140346
245 10 - MENCIÓN DEL TÍTULO
Título Manual de contabilidad y auditoría con ordenador
Resto del título : (un modelo para la mecanización del Plan General de Contabilidad) /
Mención de responsabilidad, etc. Ramón Soler Amaro ; prólogo José María Fernández Pirla.
260 ## - PUBLICACIÓN, DISTRIBUCIÓN, ETC.
Lugar de publicación, distribución, etc. [Madrid] :
Nombre del editor, distribuidor, etc. Escuela de Inspección Financiera y Tributaria,
Fecha de publicación, distribución, etc. [1979]
300 ## - DESCRIPCIÓN FÍSICA
Extensión 447 p. :
Otras características físicas il. ;
Dimensiones 24 cm.
650 14 - PUNTO DE ACCESO ADICIONAL DE MATERIA--TÉRMINO DE MATERIA
Término de materia o nombre geográfico como elemento de entrada Contabilidad-
Subdivisión general Proceso de datos.
9 (RLIN) 140347
700 1# - ENTRADA AGREGADA--NOMBRE PERSONAL
Nombre de persona Fernández Pirla, José María.
9 (RLIN) 50001
710 2# - ENTRADA AGREGADA--NOMBRE DE ENTIDAD CORPORATIVA
Nombre de entidad corporativa o nombre de jurisdicción como elemento de entrada Escuela de Inspección Financiera y Tributaria (España)
9 (RLIN) 3549
852 ## - LOCALIZACIÓN
Ubicación ES-MaACL
Número de control de estantería L-84
itemnumber R.100590
Holdings
Estatus retirado Estado de pérdida Estado de daño No para préstamo Biblioteca de origen Biblioteca actual Ubicación en estantería Fecha de adquisición Fuente de adquisición Total de préstamos Signatura topográfica completa Código de barras Visto por última vez Precio de reemplazo Tipo de ítem Koha
        Biblioteca del Ateneo de Madrid Biblioteca del Ateneo de Madrid Depósito 2 26/05/2009     L-84 1180186 23/02/2023 23/02/2023 Libro impreso